Statistics for Artist by Song Titles

Click here to take the quiz!

General Stats

  • This quiz has been taken 39 times
  • The average score is 112 of 225

Answer Stats

Songs TitlesArtist% Correct
▪ In Da Club
▪ Candy Shop
50 Cent
100%
▪ Dancing Queen
▪ Mamma Mia
ABBA
100%
▪ Rolling In The Deep
▪ Someone Like You
Adele
94%
▪ Without Me
▪ The Real Slim Shady
Eminem
94%
▪ Take On Me
▪ Hunting High And Low
A-Ha
89%
▪ Halo
▪ Single Ladies (Put A Ring On It)
Beyoncé
89%
▪ Billie Jean
▪ Beat It
Michael Jackson
89%
▪ Toxic
▪ Womanizer
Britney Spears
86%
▪ Party In The U.S.A.
▪ Wrecking Ball
Miley Cyrus
86%
▪ Purple Rain
▪ Kiss
Prince
86%
▪ Gangnam Style
▪ Gentleman
Psy
86%
▪ I Wanna Dance With Somebody
▪ I Will Always Love You
Whitney Houston
86%
▪ Stayin' Alive
▪ How Deep Is Your Love
Bee Gees
83%
▪ All I Want For Christmas Is You
▪ We Belong Together
Mariah Carey
83%
▪ Wouldn't It Be Nice
▪ Good Vibrations
Beach Boys
80%
▪ Yellow
▪ Viva La Vida
Coldplay
80%
▪ Gangsta's Paradise
▪ Fantastic Voyage
Coolio
80%
▪ Your Song
▪ Tiny Dancer
Elton John
80%
▪ Can't Help Falling In Love
▪ Jailhouse Rock
Elvis Presley
80%
▪ Careless Whisper
▪ Faith
George Michael
80%
▪ Poker Face
▪ Bad Romance
Lady Gaga
80%
▪ Hung Up
▪ Material Girl
Madonna
80%
▪ Come Together
▪ Eleanor Rigby
The Beatles
80%
▪ Hotel California
▪ Take It Easy
The Eagles
80%
▪ 7 Rings
▪ Thank U, Next
Ariana Grande
77%
▪ I Gotta Feeling
▪ Pump It
Black Eyed Peas
77%
▪ Girls Just Want To Have Fun
▪ Time After Time
Cyndi Lauper
77%
▪ I Kissed A Girl
▪ Hot N Cold
Katy Perry
77%
▪ Umbrella
▪ Don't Stop The Music
Rihanna
77%
▪ Every Breath You Take
▪ Roxanne
The Police
77%
▪ Beautiful Day
▪ With Or Without You
U2
77%
▪ Last Christmas
▪ Wake Me Up Before You Go-Go
Wham!
77%
▪ Back To Black
▪ Rehab
Amy Winehouse
74%
▪ I Want It That Way
▪ As Long As You Love Me
Backstreet Boys
74%
▪ In The Air Tonight
▪ Another Day In Paradise
Phil Collins
74%
▪ Blank Space
▪ Shake It Off
Taylor Swift
74%
▪ Blinding Lights
▪ Starboy
The Weeknd
74%
▪ Barbie Girl
▪ Doctor Jones
Aqua
71%
▪ Respect
▪ I Say A Little Prayer
Aretha Franklin
71%
▪ My Heart Will Go On
▪ It's All Coming Back To Me Now
Céline Dion
71%
▪ Jolene
▪ 9 To 5
Dolly Parton
71%
▪ September
▪ Let's Groove
Earth, Wind & Fire
71%
▪ Y.M.C.A.
▪ Macho Man
Village People
71%
▪ Call Me
▪ Heart Of Glass
Blondie
69%
▪ Ziggy Stardust
▪ Space Oddity
David Bowie
69%
▪ Sweet Dreams (Are Made Of This)
▪ Here Comes The Rain Again
Eurythmics
69%
▪ Feel Good Inc.
▪ Clint Eastwood
Gorillaz
69%
▪ Wonderwall
▪ Don't Look Back In Anger
Oasis
69%
▪ The Sound Of Silence
▪ Mrs. Robinson
Simon & Garfunkel
69%
▪ What's Love Got To Do With It
▪ The Best
Tina Turner
69%
▪ Bad Guy
▪ When The Party's Over
Billie Eilish
66%
▪ Song 2
▪ Girls & Boys
Blur
66%
▪ Summer Of '69
▪ Heaven
Bryan Adams
66%
▪ Call Me Maybe
▪ I Really Like You
Carly Rae Jepsen
66%
▪ Believe
▪ If I Could Turn Back Time
Cher
66%
▪ Genie In A Bottle
▪ Beautiful
Christina Aguilera
66%
▪ I Will Survive
▪ Never Can Say Goodbye
Gloria Gaynor
66%
▪ 99 Problems
▪ Empire State Of Mind
Jay-Z
66%
▪ Running Up That Hill (A Deal With God)
▪ Wuthering Heights
Kate Bush
66%
▪ Ain't No Mountain High Enough
▪ What's Going On
Marvin Gaye
66%
▪ Hey Ya!
▪ Ms. Jackson
Outkast
66%
▪ Chandelier
▪ Breathe Me
Sia
66%
▪ Drop It Like It's Hot
▪ Young, Wild & Free
Snoop Dogg
66%
▪ No Scrubs
▪ Waterfalls
TLC
66%
▪ Locked Out Of Heaven
▪ Just The Way You Are
Bruno Mars
63%
▪ Karma Chameleon
▪ Do You Really Want To Hurt Me
Culture Club
63%
▪ Sultans Of Swing
▪ Money For Nothing
Dire Straits
63%
▪ Dreams
▪ Go Your Own Way
Fleetwood Mac
63%
▪ My Way
▪ Strangers In The Night
Frank Sinatra
63%
▪ Radioactive
▪ Demons
Imagine Dragons
63%
▪ Cry Me A River
▪ Rock Your Body
Justin Timberlake
63%
▪ Hello
▪ Say You, Say Me
Lionel Richie
63%
▪ This Love
▪ She Will Be Loved
Maroon 5
63%
▪ Creep
▪ Karma Police
Radiohead
63%
▪ She Wolf
▪ Whenever, Wherever
Shakira
63%
▪ Walk Like An Egyptian
▪ Eternal Flame
Bangles
60%
▪ WAP
▪ I Like It
Cardi B
60%
▪ Hollaback Girl
▪ The Sweet Escape
Gwen Stefani
60%
▪ Baby
▪ Sorry
Justin Bieber
60%
▪ Since U Been Gone
▪ Because Of You
Kelly Clarkson
60%
▪ Angels
▪ Feel
Robbie Williams
60%
▪ Stay With Me
▪ I'm Not The Only One
Sam Smith
60%
▪ Man! I Feel Like A Woman
▪ You're Still The One
Shania Twain
60%
▪ Eye Of The Tiger
▪ Burning Heart
Survivor
60%
▪ Love Shack
▪ Rock Lobster
The B-52's
60%
▪ All That She Wants
▪ The Sign
Ace Of Base
57%
▪ One More Time
▪ Harder, Better, Faster, Stronger
Daft Punk
57%
▪ Don't Start Now
▪ Levitating
Dua Lipa
57%
▪ The A Team
▪ Thinking Out Loud
Ed Sheeran
57%
▪ I Love Rock 'N' Roll
▪ I Hate Myself For Loving You
Joan Jett & The Blackhearts
57%
▪ Tik Tok
▪ Your Love Is My Drug
Kesha
57%
▪ I Believe I Can Fly
▪ Bump N' Grind
R. Kelly
57%
▪ Oh, Pretty Woman
▪ You Got It
Roy Orbison
57%
▪ All Star
▪ Walkin' On The Sun
Smash Mouth
57%
▪ Superstition
▪ Sir Duke
Stevie Wonder
57%
▪ Loser
▪ E-Pro
Beck
54%
▪ Enjoy The Silence
▪ Personal Jesus
Depeche Mode
54%
▪ Say My Name
▪ Survivor
Destiny's Child
54%
▪ The Next Episode
▪ What's The Difference
Dr Dre
54%
▪ Ordinary World
▪ Hungry Like The Wolf
Duran Duran
54%
▪ Low
▪ Whistle
Flo Rida
54%
▪ Stronger
▪ Heartless
Kanye West
54%
▪ Royals
▪ Team
Lorde
54%
▪ Bye Bye Bye
▪ It's Gonna Be Me
NSync
54%
▪ Hopelessly Devoted To You
▪ Physical
Olivia Newton-John
54%
▪ Good 4 U
▪ Drivers License
Olivia Rodrigo
54%
▪ Maggie May
▪ Da Ya Think I'm Sexy?
Rod Stewart
54%
▪ I'm A Believer
▪ Last Train To Clarksville
The Monkees
54%
▪ Bitter Sweet Symphony
▪ Lucky Man
The Verve
54%
▪ Yeah!
▪ OMG
Usher
54%
▪ Best I Ever Had
▪ One Dance
Drake
51%
▪ As It Was
▪ Satellite
Harry Styles
51%
▪ I Got You (I Feel Good)
▪ Get Up Offa That Thing
James Brown
51%
▪ All Of Me
▪ Ordinary People
John Legend
51%
▪ Summertime Sadness
▪ Video Games
Lana Del Rey
51%
▪ Dilemma
▪ Hot In Herre
Nelly
51%
▪ What Makes You Beautiful
▪ Story Of My Life
One Direction
51%
▪ Hit The Road Jack
▪ Georgia On My Mind
Ray Charles
51%
▪ Hey, Soul Sister
▪ Drops Of Jupiter
Train
51%
▪ No One
▪ If I Ain't Got You
Alicia Keys
49%
▪ Heaven Is A Place On Earth
▪ Circle In The Sand
Belinda Carlisle
49%
▪ Like A Rolling Stone
▪ The Times They Are A-Changin'
Bob Dylan
49%
▪ Forever
▪ With You
Chris Brown
49%
▪ Johnny B. Goode
▪ You Never Can Tell
Chuck Berry
49%
▪ Starships
▪ Super Bass
Nicki Minaj
49%
▪ Solsbury Hill
▪ Sledgehammer
Peter Gabriel
49%
▪ Sunflower
▪ Circles
Post Malone
49%
▪ It's Tricky
▪ Walk This Way
Run-D.M.C.
49%
▪ Before He Cheats
▪ Cowboy Casanova
Carrie Underwood
46%
▪ Let's Twist Again
▪ The Twist
Chubby Checker
46%
▪ Sandstorm
▪ Feel The Beat
Darude
46%
▪ Come On Eileen
▪ Geno
Dexy's Midnight Runners
46%
▪ Relax
▪ The Power Of Love
Frankie Goes To Hollywood
46%
▪ Smooth Operator
▪ By Your Side
Sade
46%
▪ The Joker
▪ Fly Like An Eagle
Steve Miller Band
46%
▪ End Of The Road
▪ I'll Make Love To You
Boyz II Men
43%
▪ That'll Be The Day
▪ Peggy Sue
Buddy Holly
43%
▪ Forget You
▪ Bright Lights Bigger City
CeeLo Green
43%
▪ Hot Stuff
▪ I Feel Love
Donna Summer
43%
▪ Crazy
▪ Smiley Faces
Gnarls Barkley
43%
▪ On The Floor
▪ Get Right
Jennifer Lopez
43%
▪ The Gambler
▪ Coward Of The County
Kenny Rogers
43%
▪ Bette Davis Eyes
▪ More Love
Kim Carnes
43%
▪ Can't Get You Out Of My Head
▪ Love At First Sight
Kylie Minogue
43%
▪ Push It
▪ Shoop
Salt-N-Pepa
43%
▪ Juicy
▪ Hypnotize
The Notorious B.I.G.
43%
▪ You Can't Hurry Love
▪ Baby Love
The Supremes
43%
▪ Our House
▪ One Step Beyond
Madness
40%
▪ Dynamite
▪ Break Your Heart
Taio Cruz
40%
▪ Don't You Want Me
▪ Love Action (I Believe In Love)
The Human League
40%
▪ My Girl
▪ Ain't Too Proud To Beg
The Temptations
40%
▪ Right Now (Na Na Na)
▪ Smack That
Akon
37%
▪ Stir It Up
▪ One Love
Bob Marley
37%
▪ Cool For The Summer
▪ Heart Attack
Demi Lovato
37%
▪ Lights
▪ Burn
Ellie Goulding
37%
▪ Hero
▪ I Like It
Enrique Iglesias
37%
▪ Jump Around
▪ Top O' The Morning To Ya
House Of Pain
37%
▪ Montero (Call Me By Your Name)
▪ Industry Baby
Lil Nas X
37%
▪ I'll Be Missing You
▪ Come With Me
Puff Daddy
37%
▪ Psycho Killer
▪ Burning Down The House
Talking Heads
37%
▪ Un-Break My Heart
▪ He Wasn't Man Enough
Toni Braxton
37%
▪ You're The First, The Last, My Everything
▪ Can't Get Enough Of Your Love, Babe
Barry White
34%
▪ Redbone
▪ 3005
Childish Gambino
34%
▪ Budapest
▪ Shotgun
George Ezra
34%
▪ Macarena
▪ Sevilla Tiene Un Color Especial
Los Del Rio
34%
▪ Hotel Room Service
▪ Time Of Our Lives
Pitbull
34%
▪ Chasing Cars
▪ Run
Snow Patrol
34%
▪ American Woman
▪ These Eyes
The Guess Who
34%
▪ Beyond The Sea
▪ Mack The Knife
Bobby Darin
31%
▪ Insane In The Brain
▪ Hits From The Bong
Cypress Hill
31%
▪ Autobahn
▪ The Model
Kraftwerk
31%
▪ Sweetest Pie
▪ Thot Shit
Megan Thee Stallion
31%
▪ Get Ur Freak On
▪ Work It
Missy Elliott
31%
▪ Killing Me Softly With His Song
▪ Feel Like Makin' Love
Roberta Flack
31%
▪ Addicted To Love
▪ Johnny And Mary
Robert Palmer
31%
▪ Dynamite
▪ Boy With Luv
BTS
29%
▪ Without Me
▪ Colors
Halsey
29%
▪ Love Will Tear Us Apart
▪ Disorder
Joy Division
29%
▪ Jungle Boogie
▪ Celebration
Kool & The Gang
29%
▪ Come & Get It
▪ Lose You To Love Me
Selena Gomez
29%
▪ Lovefool
▪ My Favourite Game
The Cardigans
29%
▪ Son Of A Preacher Man
▪ Spooky
Dusty Springfield
26%
▪ Thinkin Bout You
▪ Pink + White
Frank Ocean
26%
▪ Virtual Insanity
▪ Canned Heat
Jamiroquai
26%
▪ Milkshake
▪ Trick Me
Kelis
26%
▪ Money Trees
▪ Pride
Kendrick Lamar
26%
▪ Family Affair
▪ Real Love
Mary J. Blige
26%
▪ There You Go
▪ Leave Me Alone (I'm Lonely)
Pink
26%
▪ Common People
▪ Disco 2000
Pulp
26%
▪ Truly Madly Deeply
▪ I Want You
Savage Garden
26%
▪ Stars
▪ Holding Back The Years
Simply Red
26%
▪ Dancing With Tears In My Eyes
▪ Vienna
Ultravox
26%
▪ Whole Again
▪ The Tide Is High
Atomic Kitten
23%
▪ Only Time
▪ May It Be
Enya
23%
▪ Lollipop
▪ Drop The World
Lil' Wayne
23%
▪ Beautiful Ones
▪ Animal Nitrate
Suede
23%
▪ Sing
▪ Why Does It Always Rain On Me?
Travis
23%
▪ Try Again
▪ Are You That Somebody
Aaliyah
20%
▪ Not Ready To Make Nice
▪ Landslide
Dixie Chicks
20%
▪ Dancing On My Own
▪ Call Your Girlfriend
Robyn
20%
▪ The Less I Know The Better
▪ Feels Like We Only Go Backwards
Tame Impala
20%
▪ Breathe
▪ Smack My Bitch Up
The Prodigy
20%
▪ See You Again
▪ Earfquake
Tyler, The Creator
20%
▪ Army Of Me
▪ Venus As A Boy
Björk
17%
▪ Fight For This Love
▪ Parachute
Cheryl Cole
17%
▪ Sound Of The Underground
▪ Love Machine
Girls Aloud
17%
▪ Can't Fight The Moonlight
▪ How Do I Live
LeAnn Rimes
17%
▪ Patience
▪ Shine
Take That
17%
▪ Where's Your Head At
▪ Red Alert
Basement Jaxx
14%
▪ Don't Let Go (Love)
▪ Free Your Mind
En Vogue
14%
▪ Happy
▪ Cash In Cash Out
Pharrel Williams
14%
▪ Ecuador
▪ Encore Une Fois
Sash!
14%
▪ Say What You Want
▪ Summer Son
Texas
14%
▪ A Little Time
▪ Rotterdam (Or Anywhere)
The Beautiful South
14%
▪ Here Comes The Hotstepper
▪ World A Music
Ini Kamoze
11%
▪ Rollout (My Business)
▪ What's Your Fantasy
Ludacris
11%
▪ Saturday Night
▪ Sexy Eyes
Whigfield
11%
▪ I Wanna Be The Only One
▪ Stay
Eternal
9%
▪ Never Too Much
▪ So Amazing
Luther Vandross
9%
▪ Anywhere
▪ Let You Love Me
Rita Ora
9%
▪ Bring It All Back
▪ Don’t Stop Movin'
S Club 7
9%
▪ Strangers
▪ Don't Kill My Vibe
Sigrid
9%
▪ Amazed
▪ I'm Already There
Lonestar
6%
▪ Baby Love
▪ Don't Hold Your Breath
Nicole Sherzinger
6%
▪ Boom Boom Boom
▪ Don't Stop (Wiggle Wiggle)
The Outhere Brothers
6%

Score Distribution

Percentile by Number Answered

Percent of People with Each Score

Your Score History

You have not taken this quiz